| 000 | 00636nam a2200217Ia 4500 | ||
|---|---|---|---|
| 008 | 150520s9999 xx 000 0 und d | ||
| 050 | _aHF 5410 | ||
| 050 | _b.B215 2015 | ||
| 100 | _aBanez, Seth Howell T. | ||
| 245 | _aEquipment preparation management and purchase order system for robustan Inc. / | ||
| 245 | _cSeth Howell T. Banez. | ||
| 260 | _aLas PiƱas, Philippines : | ||
| 260 | _bSISC, | ||
| 260 | _c2015. | ||
| 300 | _a118 pages : | ||
| 300 | _bcolor illustrations ; | ||
| 300 | _c28 cm. | ||
| 500 | _aIncludes bibliographical references and appendices. | ||
| 650 | _aPurchasing | ||
| 650 | _xManagement System | ||
| 999 |
_c284101 _d284101 |
||